|
|
|
|
| LEADER |
00000nam a22000007a 4500 |
| 008 |
240611b |||||||| |||| 00| 0 eng d |
| 020 |
|
|
|a 9780367633943
|
| 100 |
|
|
|a ROSSINI, Giovanni
|
| 245 |
|
|
|a Self and wisdom in arts-based contemplative inquiry in education
|b : narrative, aesthetic, and dialogical presence of Thomas Merton
|c / Giovanni Rossini.
|e (Routledge international studies in the philosophy of education)
|g xiiii,194p;ill
|
| 260 |
|
|
|b Routledge
|c 2021
|h New York
|i 702257
|i 702258
|l LB1028.R71
|m Merton, Thomas, 1915-1968.
|m Education--Research--Philosophy.
|m Education--Research--Methodology..
|m Qualitative research--Methodology
|m Art in education
|m Inquiry-based learning
|m Reflective learning
|
| 500 |
|
|
|a Includes bibliographical references and index.
|
| 942 |
|
|
|a lcc
|c BK
|e Johnson
|f 11/06/24
|
| 952 |
|
|
|0 0
|1 0
|2 lcc
|4 0
|6 LB1028 R71
|7 0
|9 5300
|a ED
|b HOL
|c LP
|d 2024-06-11
|l 0
|o LB1028.R71
|p 2024-0543
|r 2024-06-11 00:00:00
|t 702257
|w 2024-06-11
|y BK
|
| 952 |
|
|
|0 0
|1 0
|2 lcc
|4 0
|6 LB1028 R71
|7 0
|9 5301
|a HOL
|b HOL
|c LP
|d 2024-06-11
|l 0
|o LB1028.R71
|p 2024-0544
|r 2024-06-11 00:00:00
|t 702258
|w 2024-06-11
|y BK
|
| 999 |
|
|
|c 2626
|d 2626
|